000 00413nam a2200145 4500
001 114015
003 ES-MaACL
005 20230906190045.0
007 t|
008 061121s1959 mx r ||||1| spa d
245 0 0 _aNorte, publicación hispano-americana
_b: 30 aniversario.
260 _aMéxico :
_b[s.n.],
_c1959 (
_fImp. Azteca)
300 _a285 h. :
_bil. ;
_c27 cm.
852 _aES-MaACL
_jC-42921
_bR.79400
999 _c114015
_d114015